Nationlist upsurge in assam. (Record no. 1012)
[ view plain ]
| 000 -LEADER | |
|---|---|
| fixed length control field | 00482cam a2200181ua 4500 |
| 001 - CONTROL NUMBER | |
| control field | 1096 |
| 005 - DATE AND TIME OF LATEST TRANSACTION | |
| control field | 20260515113257.0 |
| 008 - FIXED-LENGTH DATA ELEMENTS--GENERAL INFORMATION | |
| fixed length control field | 110428n ii |||gr||||Z||||||eng |
| 040 ## - CATALOGING SOURCE | |
| Transcribing agency | MAIN |
| 082 ## - DEWEY DECIMAL CLASSIFICATION NUMBER | |
| Classification number | 322.44 |
| 245 1# - TITLE STATEMENT | |
| Title | Nationlist upsurge in assam. |
| 250 ## - EDITION STATEMENT | |
| Edition statement | 1st. / |
| Remainder of edition statement | Edited by Arun Bhuyan. |
| 260 ## - PUBLICATION, DISTRIBUTION, ETC. | |
| Place of publication, distribution, etc. | Gowahati.: |
| Name of publisher, distributor, etc. | Government in Assam., |
| Date of publication, distribution, etc. | 2000. |
| 300 ## - PHYSICAL DESCRIPTION | |
| Extent | 416 p.: |
| Other physical details | ill; |
| Dimensions | 30 cm. |
| 653 ## - INDEX TERM--UNCONTROLLED | |
| Uncontrolled term | Political science. |
| 653 ## - INDEX TERM--UNCONTROLLED | |
| Uncontrolled term | Nationalist upsurge in Assam. |
| 942 ## - ADDED ENTRY ELEMENTS (KOHA) | |
| Koha item type | Books |
| Withdrawn status | Lost status | Damaged status | Not for loan | Home library | Current library | Shelving location | Date acquired | Total checkouts | Full call number | Barcode | Date last seen | Copy number | Price effective from | Koha item type |
|---|---|---|---|---|---|---|---|---|---|---|---|---|---|---|
| Naharkatiya College Library | Naharkatiya College Library | General stacks | 09/19/2020 | 322.44 | NAT | 18904 | 09/19/2020 | 1 | 09/19/2020 | Books |